Multiple Choice City Quiz – Tarragona - Statistics

General Stats
  • This quiz has been taken 170 times
    169 since last reset
  • The average score is 5 of 10
Answer Stats
Question Answer % Correct
Where is Tarragona located? On the Mediterranean coast of Spain
77%
Which famous theme park is located in Salou, in the Tarragona urban area? PortAventura
70%
Which of this picture represents Tarragona Amphitheatre?
64%
Which of these is a famous traditional activity during Tarragona’s Santa Tecla festival? Human towers
53%
When was the town besieged three times, first by the French and then by the British? Napoleonic Wars
53%
What was the Roman name of Tarragona? Tarraco
52%
Under whose rule has Tarragona never been? British
46%
What is the Pont del Diable in Tarragona? A Roman aqueduct
38%
Which of the following statements about Tarragona is NOT true? Its football club plays in the Spanish first division.
38%
What French alcohol was also produced in Tarragona between 1903 and 1989 after a monastic order was expelled from the French Alps? Chartreuse
30%
No matching quizzes found
Score Distribution
Percent of People with Each Score
Percentile by Number Answered
Your Score History
You have not taken this quiz since the last reset